[Event "zonal 1.5"]
[Site "Panormo GRE"]
[Date "1998.10.27"]
[Round "4"]
[White "Mchedlishvili, Mikheil"]
[Black "Khachian, Melikset"]
[Result "1-0"]
[WhiteElo "2390"]
[BlackElo "2370"]
[EventDate "1998.10.24"]
[PlyCount "89"]

1.c4 e5 2.Nc3 Nf6 3.g3 d5 4.cxd5 Nxd5 5.Bg2 Nb6 6.d3 Be7 7.Nf3 Nc6 8.O-O 
O-O 9.a3 Be6 10.b4 a5 11.b5 Nd4 12.Nd2 c6 13.bxc6 Nxc6 14.Bb2 a4 15.Rc1 
Ra5 16.Nce4 f5 17.Nc3 Qd7 18.Nc4 Nxc4 19.dxc4 Qxd1 20.Rfxd1 Nd4 21.e3 Nb3 
22.Rc2 e4 23.g4 g6 24.gxf5 gxf5 25.Nd5 Bc5 26.Kh1 Kf7 27.f3 Bxd5 28.cxd5 
exf3 29.Bxf3 Ke7 30.e4 fxe4 31.Bxe4 Rf7 32.d6+ Bxd6 33.Bd5 Rf1+ 34.Rxf1 
Rxd5 35.Re2+ Kd7 36.Rf7+ Kc6 37.Rxh7 b5 38.Rc2+ Kb6 39.Rh4 Na5 40.Rd4 Rxd4
41.Bxd4+ Ka6 42.h4 Bxa3 43.h5 b4 44.h6 b3 45.Rg2 1-0

[Event "zonal 1.5"]
[Site "Panormo GRE"]
[Date "1998.10.27"]
[Round "4"]
[White "Karapanos, Nikolaos"]
[Black "Nadanian, Ashot"]
[Result "1-0"]
[WhiteElo "2245"]
[BlackElo "2415"]
[EventDate "1998.10.24"]
[PlyCount "83"]

1.d4 d5 2.c4 e6 3.Nf3 c6 4.g3 f5 5.Bg2 Nf6 6.O-O Bd6 7.Bf4 Bxf4 8.gxf4 O-O
9.Qc2 Ne4 10.Nbd2 Bd7 11.Qb3 b5 12.a4 bxc4 13.Qb7 Qb6 14.Qxa8 Nxd2 15.Nxd2
Na6 16.a5 Qc7 17.Qxf8+ Kxf8 18.e3 Nb4 19.Rfc1 Nd3 20.Rc2 Qb8 21.Bf1 Qb4 
22.Nf3 Nxb2 23.Rb1 c3 24.Ne5 Be8 25.a6 c5 26.dxc5 Ba4 27.c6 Qa5 28.Rcxb2 
cxb2 29.Rxb2 Bxc6 30.Nxc6 Qc3 31.Rb8+ Kf7 32.Rb7+ Kg6 33.Nxa7 Qa1 34.Nc6 
d4 35.Nxd4 e5 36.fxe5 f4 37.a7 fxe3 38.fxe3 Qa3 39.Rb6+ Kh5 40.Be2+ Kh4 
41.Nf5+ Kg5 42.Ra6 1-0

[Event "zonal 1.5"]
[Site "Panormo GRE"]
[Date "1998.10.27"]
[Round "4"]
[White "Raptis, Georgios"]
[Black "Tzermiadianos, Andreas"]
[Result "0-1"]
[WhiteElo "2140"]
[BlackElo "2465"]
[EventDate "1998.10.24"]
[PlyCount "104"]

1.Nf3 Nf6 2.d3 d5 3.Nbd2 c5 4.e4 Nc6 5.c3 dxe4 6.dxe4 g6 7.Be2 Bg7 8.Qc2 
O-O 9.Nf1 Qc7 10.Ng3 Rd8 11.Bg5 Ng4 12.h3 Nge5 13.Nd2 Qd6 14.Nc4 Nxc4 15.
Bxc4 Ne5 16.Be2 c4 17.O-O Nd3 18.Bxd3 cxd3 19.Qd2 a5 20.Rfe1 b5 21.a3 Be6 
22.e5 Bxe5 23.Bxe7 Bf4 24.Bxd6 Bxd2 25.Rxe6 fxe6 26.Ne4 Bh6 27.Rd1 Bf8 28.
Bc7 Rdc8 29.Be5 Be7 30.Nf6+ Bxf6 31.Bxf6 Rf8 32.Bg5 Rf5 33.h4 Rd5 34.f3 
Rc8 35.Be3 Rc4 36.f4 e5 37.fxe5 Rxe5 38.Rxd3 Rxh4 39.Rd8+ Kf7 40.Bf2 Rhe4 
41.Rd7+ Re7 42.Rd5 R4e5 43.Rd6 Re2 44.b4 a4 45.Rb6 Ra2 46.Rxb5 Ree2 47.
Rb7+ Ke6 48.Bc5 Rxg2+ 49.Kh1 Rgc2 50.Re7+ Kf5 51.Re1 Rxa3 52.Bd4 Rb3 0-1

[Event "zonal 1.5"]
[Site "Panormo GRE"]
[Date "1998.10.27"]
[Round "4"]
[White "Chilov, Alexandros"]
[Black "Seitaj, Ilir"]
[Result "1/2-1/2"]
[WhiteElo "2205"]
[BlackElo "2395"]
[EventDate "1998.10.24"]
[PlyCount "46"]

1.d4 Nf6 2.Nf3 c5 3.d5 d6 4.c4 b5 5.cxb5 a6 6.b6 g6 7.Nc3 Bg7 8.e4 Nbd7 9.
Be2 O-O 10.O-O Qxb6 11.Nd2 Qb8 12.a4 a5 13.Bb5 Ba6 14.Nc4 Bxb5 15.axb5 Qc7
16.Bd2 Rfb8 17.b6 Nxb6 18.Nxa5 e6 19.Bf4 exd5 20.exd5 Nh5 21.Bd2 Nf6 22.
Bf4 Nh5 23.Bd2 Nf6 1/2-1/2

[Event "zonal 1.5"]
[Site "Panormo GRE"]
[Date "1998.10.27"]
[Round "4"]
[White "Psomiadis, Stavros"]
[Black "Kofidis, Andreas"]
[Result "1/2-1/2"]
[WhiteElo "2155"]
[BlackElo "2380"]
[EventDate "1998.10.24"]
[PlyCount "128"]

1.e4 e5 2.Nf3 Nc6 3.Bb5 a6 4.Ba4 Nf6 5.O-O Be7 6.Bxc6 dxc6 7.Qe1 Be6 8.
Nxe5 Qd4 9.Nf3 Qxe4 10.Qxe4 Nxe4 11.d3 Nd6 12.Re1 h6 13.Nd4 Bg4 14.h3 Bh5 
15.Bf4 Kd7 16.Nc3 Rae8 17.g4 Bg6 18.Nf3 f6 19.Re2 Bd8 20.Rae1 Rxe2 21.Rxe2
Bf7 22.Nd2 h5 23.f3 g5 24.Bg3 f5 25.Bxd6 cxd6 26.gxf5 Rf8 27.Nde4 Bg8 28.
f6 Bxf6 29.Nxf6+ Rxf6 30.Kg2 Rf5 31.a3 c5 32.Kg3 Bf7 33.Rf2 d5 34.h4 Ke6 
35.Ne2 Re5 36.hxg5 Rxg5+ 37.Kh4 Kf5 38.Kh3 Rg8 39.f4 Rg4 40.Ng3+ Kf6 41.c4
dxc4 42.Ne4+ Ke7 43.Nxc5 cxd3 44.Nxd3 Bd5 45.Ne5 Rg1 46.Kh4 Kf6 47.Kxh5 
Kf5 48.Kh4 a5 49.Nf3 Rg4+ 50.Kh3 Rxf4 51.Kg3 Rg4+ 52.Kh2 Rg8 53.Nd2+ Ke5 
54.Nb1 a4 55.Nc3 Bc6 56.Kh3 Rg7 57.Kh4 Rg1 58.Kh3 Bd7+ 59.Kh2 Rg7 60.Rf3 
Kd4 61.Rf4+ Ke3 62.Nd5+ Kd3 63.Nb6 Kc2 64.Nxd7 Rxd7 1/2-1/2

[Event "zonal 1.5"]
[Site "Panormo GRE"]
[Date "1998.10.27"]
[Round "4"]
[White "Olcayoz, Alper"]
[Black "Pappas, Konstantinos"]
[Result "1-0"]
[WhiteElo "2345"]
[BlackElo "2155"]
[EventDate "1998.10.24"]
[PlyCount "99"]

1.d4 Nf6 2.Nf3 g6 3.Bg5 Bg7 4.Nbd2 d5 5.e3 O-O 6.Be2 c6 7.O-O Nbd7 8.c4 h6
9.Bh4 g5 10.Bg3 Nh5 11.cxd5 Nxg3 12.hxg3 cxd5 13.Qb3 e6 14.Rfc1 a5 15.g4 
b6 16.Rc3 Ba6 17.Bxa6 Rxa6 18.Qb5 Ra7 19.Rac1 Qb8 20.Rc6 Rd8 21.a4 Rb7 22.
Nb1 Bf8 23.Na3 Bd6 24.Qa6 Bxa3 25.bxa3 Kg7 26.g3 Qa7 27.Qb5 Nb8 28.R6c3 f6
29.Kg2 Re7 30.Rb1 Rd6 31.Rbc1 e5 32.dxe5 fxe5 33.Nxe5 d4 34.exd4 Rxd4 35.
Nf3 Rd6 36.Qb2 Rf6 37.Nd4 Qb7+ 38.Kg1 Kg6 39.Nf5 Rd7 40.Qb1 Qa8 41.Nd6+ 
Kg7 42.Ne8+ Kf7 43.Nxf6 Kxf6 44.Qf5+ Kg7 45.Qe5+ Kf7 46.Rc8 Qf3 47.Qe8+ 
Kf6 48.Qf8+ Rf7 49.Qxh6+ Ke7 50.Re1+ 1-0

[Event "zonal 1.5"]
[Site "Panormo GRE"]
[Date "1998.10.27"]
[Round "4"]
[White "Bras, Emanouel"]
[Black "Borg, Andrew"]
[Result "1/2-1/2"]
[WhiteElo "2105"]
[BlackElo "2150"]
[EventDate "1998.10.24"]
[PlyCount "91"]

1.d4 d5 2.Nf3 Nf6 3.Bf4 Bf5 4.e3 e6 5.c3 Bd6 6.Qb3 b6 7.Ne5 O-O 8.Be2 Bxe5
9.Bxe5 Nfd7 10.Bg3 c5 11.Nd2 Re8 12.O-O c4 13.Qd1 Nc6 14.e4 Bg6 15.exd5 
exd5 16.Bf3 Nf6 17.Nxc4 Ne4 18.Ne5 Nxe5 19.Bxe5 Qd7 20.Bg4 Qb5 21.f3 Ng5 
22.f4 f6 23.Bd6 Ne4 24.Ba3 f5 25.Be2 Qd7 26.Bd3 Kh8 27.Re1 Bf7 28.Qb3 Qe6 
29.Bb5 Rg8 30.Bd3 g5 31.Bxe4 fxe4 32.fxg5 Rxg5 33.Re2 Bh5 34.Re3 Rag8 35.
g3 Bf3 36.Rf1 Rxg3+ 37.hxg3 Rxg3+ 38.Kf2 Qh3 39.Ke1 Rg2 40.Rfxf3 exf3 41.
Re8+ Kg7 42.Rg8+ Kxg8 43.Qxd5+ Kg7 44.Qe5+ Kf7 45.Qe7+ Kg6 46.Qe8+ 1/2-1/2

[Event "zonal 1.5"]
[Site "Panormo GRE"]
[Date "1998.10.28"]
[Round "5"]
[White "Kotronias, Vasilios"]
[Black "Atalik, Suat"]
[Result "1-0"]
[WhiteElo "2555"]
[BlackElo "2585"]
[EventDate "1998.10.24"]
[PlyCount "85"]

1.e4 e5 2.Nf3 Nc6 3.Bb5 Nf6 4.O-O Nxe4 5.d4 Nd6 6.Bxc6 dxc6 7.dxe5 Nf5 8.
Qxd8+ Kxd8 9.Nc3 Ke8 10.h3 Ne7 11.Re1 Ng6 12.Ne4 h6 13.Nd4 c5 14.Nb5 Kd7 
15.f4 Kc6 16.a4 Be7 17.g4 h5 18.Nf2 Nh4 19.Re3 g6 20.Rc3 b6 21.b4 a6 22.
Nd4+ Kb7 23.bxc5 Be6 24.Ba3 Bxc5 25.Bxc5 bxc5 26.Rb1+ Kc8 27.Nxe6 fxe6 28.
Ne4 Kd7 29.Nxc5+ Ke7 30.Ne4 Ra7 31.Kf2 g5 32.Nxg5 Ng6 33.Ke3 hxg4 34.hxg4 
Rh4 35.Kf3 Nf8 36.Kg3 Rh6 37.Rb8 Nd7 38.Rc8 c5 39.a5 Rb7 40.Rb3 Ra7 41.Ne4
Rg6 42.Nd6 Nf6 43.exf6+ 1-0

[Event "zonal 1.5"]
[Site "Panormo GRE"]
[Date "1998.10.28"]
[Round "5"]
[White "Sturua, Zurab"]
[Black "Minasian, Ara"]
[Result "1-0"]
[WhiteElo "2600"]
[BlackElo "2450"]
[EventDate "1998.10.24"]
[PlyCount "141"]

1.d4 d5 2.c4 c6 3.Nc3 e5 4.dxe5 d4 5.Ne4 Qa5+ 6.Bd2 Qxe5 7.Ng3 c5 8.Nf3 
Qc7 9.e3 dxe3 10.Bxe3 Nf6 11.Bd3 Be7 12.O-O O-O 13.Qc1 Rd8 14.Bf5 Nc6 15.
Re1 Nd4 16.Nxd4 cxd4 17.Bf4 Bd6 18.Bxd6 Rxd6 19.Qg5 Rd8 20.Rad1 h6 21.Qc1 
Qc5 22.Qc2 Bxf5 23.Nxf5 Rd7 24.Qd3 a5 25.h3 a4 26.b3 axb3 27.axb3 Ra2 28.
Ra1 Qa5 29.Rxa2 Qxe1+ 30.Kh2 Qc3 31.Rd2 Kh7 32.Ng3+ Qxd3 33.Rxd3 b5 34.
cxb5 Rd5 35.b6 Rd6 36.b4 Rxb6 37.Rxd4 Rb5 38.Ne4 Nxe4 39.Rxe4 Kg6 40.Kg3 
Kf5 41.Rc4 Ke6 42.Kf4 g6 43.Ke4 h5 44.h4 Kd6 45.Rd4+ Ke6 46.g3 Rb8 47.Kd3 
Ke5 48.Kc3 Rb7 49.Rd2 Ke4 50.Rd4+ Ke5 51.Rd3 Ke4 52.f3+ Ke5 53.Kc4 Rc7+ 
54.Kb5 f6 55.Ka6 g5 56.b5 gxh4 57.b6 Rc1 58.gxh4 Ra1+ 59.Kb5 Rb1+ 60.Kc6 
Rc1+ 61.Kd7 Rb1 62.Kc7 Rc1+ 63.Kb8 Rh1 64.b7 Rxh4 65.Rb3 Rc4 66.Ka7 Rc7 
67.Rb4 Kf5 68.Kb6 Rxb7+ 69.Kxb7 Kg5 70.Kc6 f5 71.Kd5 1-0

[Event "zonal 1.5"]
[Site "Panormo GRE"]
[Date "1998.10.28"]
[Round "5"]
[White "Miladinovic, Igor"]
[Black "Janjgava, Lasha"]
[Result "1/2-1/2"]
[WhiteElo "2555"]
[BlackElo "2490"]
[EventDate "1998.10.24"]
[PlyCount "34"]

1.d4 d5 2.c4 e6 3.Nc3 Be7 4.Nf3 Nf6 5.cxd5 exd5 6.Bg5 c6 7.Qc2 g6 8.e3 Bf5
9.Bd3 Bxd3 10.Qxd3 O-O 11.O-O Nbd7 12.Rab1 a5 13.a3 Re8 14.Rfc1 Ne4 15.Bf4
Bf8 16.Nd2 Nxd2 17.Qxd2 Nb6 1/2-1/2

[Event "zonal 1.5"]
[Site "Panormo GRE"]
[Date "1998.10.28"]
[Round "5"]
[White "Banikas, Hristos"]
[Black "Damljanovic, Branko"]
[Result "1/2-1/2"]
[WhiteElo "2490"]
[BlackElo "2555"]
[EventDate "1998.10.24"]
[PlyCount "83"]

1.d4 Nf6 2.c4 d6 3.Nc3 Nbd7 4.e4 e5 5.Nf3 g6 6.Be2 Bg7 7.O-O O-O 8.Be3 Ng4
9.Bg5 f6 10.Bd2 Nh6 11.dxe5 dxe5 12.b4 c6 13.c5 Qe7 14.Qb3+ Nf7 15.Rad1 
Re8 16.Be3 Nf8 17.Nd2 Be6 18.Nc4 Rad8 19.Qa3 Rxd1 20.Rxd1 a6 21.Qa5 Rd8 
22.Rxd8 Qxd8 23.a4 Nd7 24.Qxd8+ Nxd8 25.a5 Nf7 26.Na4 f5 27.Nab6 Nf6 28.
exf5 gxf5 29.Nd6 Nxd6 30.cxd6 Kf7 31.f4 Ne4 32.Bh5+ Kf8 33.d7 Ke7 34.Be8 
Kd8 35.g3 exf4 36.gxf4 Bc3 37.Na4 Bxd7 38.Nxc3 Nxc3 39.Bf7 Ke7 40.Bc4 Be6 
41.Bd4 Ne4 42.Bd3 1/2-1/2

[Event "zonal 1.5"]
[Site "Panormo GRE"]
[Date "1998.10.28"]
[Round "5"]
[White "Karagiannis, Athanasios"]
[Black "Minasian, Artashes"]
[Result "0-1"]
[WhiteElo "2365"]
[BlackElo "2620"]
[EventDate "1998.10.24"]
[PlyCount "114"]

1.d4 c5 2.d5 Nf6 3.Nc3 g6 4.e4 d6 5.Nf3 Bg7 6.Bb5+ Nfd7 7.a4 O-O 8.O-O Na6
9.Re1 Nc7 10.Bf1 Nf6 11.h3 a6 12.a5 Bd7 13.Na4 Bxa4 14.Rxa4 Rb8 15.b3 Nd7 
16.Bg5 Nb5 17.Qc1 Nc3 18.Ra1 Re8 19.Bh6 Bh8 20.Qf4 Nb5 21.Ra4 Nd4 22.Ng5 
Bf6 23.Qd2 Qc7 24.Kh1 Ra8 25.f4 b5 26.axb6 Nxb6 27.Rxa6 Rxa6 28.Bxa6 Ra8 
29.Bd3 Ra2 30.Qd1 c4 31.bxc4 Nxc4 32.Qb1 Rb2 33.Qa1 Qb8 34.Qa4 Nb6 35.Qa6 
Nxc2 36.Bxc2 Rxc2 37.Rb1 Bb2 38.Nf3 Nd7 39.Qa4 Qc8 40.Bg5 Nf6 41.Rd1 Nh5 
42.Ne1 Re2 43.Qc6 Qd8 44.e5 f6 45.exf6 exf6 46.Bh4 g5 47.fxg5 fxg5 48.g4 
Qf8 49.Ng2 gxh4 50.gxh5 Qf5 51.Qa8+ Kg7 52.Qb7+ Kh6 53.Qb3 Qf2 54.Rg1 Bd4 
55.Qd1 Qf3 56.Qc1+ Be3 57.Qc8 Bxg1 0-1

[Event "zonal 1.5"]
[Site "Panormo GRE"]
[Date "1998.10.28"]
[Round "5"]
[White "Tzermiadianos, Andreas"]
[Black "Gligoric, Svetozar"]
[Result "1/2-1/2"]
[WhiteElo "2465"]
[BlackElo "2495"]
[EventDate "1998.10.24"]
[PlyCount "57"]

1.e4 e5 2.Nf3 Nc6 3.Bc4 Nf6 4.d4 exd4 5.e5 Ne4 6.Qe2 Nc5 7.O-O Ne6 8.Bxe6 
dxe6 9.Rd1 Be7 10.Be3 Bd7 11.Bxd4 Nxd4 12.Nxd4 O-O 13.Nc3 c5 14.Ndb5 a6 
15.Nd6 Qc7 16.Nce4 Bc6 17.Nxc5 Rad8 18.Nce4 Bxe4 19.Qxe4 Bxd6 20.exd6 Rxd6
21.Rxd6 Qxd6 22.Qxb7 Rb8 23.Qf3 Rxb2 24.Rd1 Qb8 25.c4 h6 26.g3 Qe5 27.Rd8+
Kh7 28.Qxf7 Rxa2 29.Qg8+ 1/2-1/2

[Event "zonal 1.5"]
[Site "Panormo GRE"]
[Date "1998.10.28"]
[Round "5"]
[White "Pavlovic, Milos"]
[Black "Chibukhchian, Artur"]
[Result "1/2-1/2"]
[WhiteElo "2505"]
[BlackElo "2415"]
[EventDate "1998.10.24"]
[PlyCount "64"]

1.e4 c5 2.Nf3 Nc6 3.d4 cxd4 4.Nxd4 Qc7 5.Nc3 e6 6.Be2 a6 7.O-O Nf6 8.Kh1 
Be7 9.f4 d6 10.Be3 O-O 11.a4 Bd7 12.Nb3 Na5 13.e5 Ne8 14.Nxa5 Qxa5 15.Ne4 
Qc7 16.Bd4 f6 17.exf6 Nxf6 18.Bd3 Nxe4 19.Bxe4 Bf6 20.c3 Bc6 21.Bc2 Bxd4 
22.Qxd4 Bd5 23.f5 Qc6 24.Qg4 exf5 25.Bxf5 Rf6 26.Bxh7+ Kxh7 27.Rxf6 gxf6 
28.Re1 Rg8 29.Qf5+ Kh8 30.Qxf6+ Rg7 31.Qh4+ Kg8 32.Qd8+ Kh7 1/2-1/2

[Event "zonal 1.5"]
[Site "Panormo GRE"]
[Date "1998.10.28"]
[Round "5"]
[White "Supatashvili, Khvicha"]
[Black "Mchedlishvili, Mikheil"]
[Result "1-0"]
[WhiteElo "2495"]
[BlackElo "2390"]
[EventDate "1998.10.24"]
[PlyCount "173"]

1.d4 d5 2.c4 c6 3.Nf3 Nf6 4.e3 Bf5 5.Nc3 e6 6.Nh4 Bg4 7.Qb3 Qb6 8.h3 Bh5 
9.g4 Bg6 10.Nxg6 hxg6 11.Bg2 Be7 12.Bd2 Nbd7 13.O-O-O Qxb3 14.axb3 Nb6 15.
c5 Nbd7 16.b4 a6 17.f3 e5 18.Be1 O-O-O 19.Bg3 exd4 20.exd4 Rde8 21.Kc2 Bd8
22.Bf4 Nh7 23.Bc1 Ng5 24.Kd3 Ne6 25.f4 Bc7 26.Rdf1 Rh4 27.Ne2 f6 28.Bd2 g5
29.f5 Nef8 30.Ng1 Rh8 31.Nf3 Bg3 32.Ng1 Nh7 33.Ne2 Bh4 34.Bf3 Re7 35.Be3 
Rhe8 36.Bg1 Nhf8 37.Ra1 Nb8 38.Kd2 g6 39.Ra3 Nfd7 40.Rh2 Rh8 41.Rg2 Nf8 
42.Bh2 Re8 43.Rd3 Nbd7 44.Rg1 Rh7 45.Rf1 Nb8 46.Ra3 Nfd7 47.Bd6 gxf5 48.
gxf5 Nf8 49.Nc3 Nfd7 50.b5 axb5 51.Ra8 Rhh8 52.Bxd5 cxd5 53.Nxd5 g4 54.
hxg4 Bg5+ 55.Kd1 Re4 56.Nb6+ Kd8 57.Bxb8 Nxb6 58.Bc7+ Kxc7 59.cxb6+ Kxb6 
60.Rxh8 Rxd4+ 61.Kc2 Rxg4 62.Re8 Rc4+ 63.Kb3 Ka5 64.Rf3 Rb4+ 65.Kc2 Rc4+ 
66.Kb1 Kb6 67.Re7 Rc5 68.Ka2 Rc4 69.Kb3 Rc5 70.Re4 Rc6 71.Rd4 Kc5 72.Rfd3 
Kb6 73.Rd5 Bh6 74.Rd7 Bg5 75.R3d5 Bf4 76.Re7 Be5 77.Re6 b4 78.Rd7 Bg3 79.
Kxb4 Be5 80.b3 Bf4 81.Rxc6+ Kxc6 82.Rd8 Be5 83.Kc4 Bb2 84.Re8 Kd7 85.Re6 
Kc7 86.Kd5 Kd7 87.Ke4 1-0

[Event "zonal 1.5"]
[Site "Panormo GRE"]
[Date "1998.10.28"]
[Round "5"]
[White "Olcayoz, Alper"]
[Black "Papaioannou, Ioannis"]
[Result "0-1"]
[WhiteElo "2345"]
[BlackElo "2520"]
[EventDate "1998.10.24"]
[PlyCount "104"]

1.e4 c6 2.d4 d5 3.Nd2 dxe4 4.Nxe4 Nd7 5.Bc4 Ndf6 6.Nxf6+ Nxf6 7.c3 Qc7 8.
Nf3 Bf5 9.Ne5 e6 10.g4 Bg6 11.h4 Bd6 12.Bf4 b5 13.Bb3 Be4 14.f3 Bd5 15.Qe2
O-O 16.O-O c5 17.g5 Nh5 18.Bh2 Bxb3 19.axb3 cxd4 20.cxd4 Qb6 21.Rfd1 Rfd8 
22.Rac1 Rac8 23.Qe4 a6 24.Kg2 Rxc1 25.Rxc1 Bf8 26.Bg1 Qa5 27.Rc2 Rd5 28.
Bf2 g6 29.Ng4 Qd8 30.Rc6 h6 31.Be3 hxg5 32.hxg5 Rxg5 33.Bxg5 Qxg5 34.Rc2 
Bd6 35.Qe1 Qd5 36.Qe4 Qxb3 37.Rd2 Kg7 38.Ne5 Qb4 39.Re2 Nf6 40.Qe3 Nd5 41.
Qd2 Qxd2 42.Rxd2 Bb4 43.Rf2 Be1 44.Re2 Nf4+ 45.Kf1 Nxe2 46.Kxe2 Bg3 47.Nd7
Bd6 48.Kd3 f6 49.d5 Kf7 50.Kd4 e5+ 51.Kd3 Ke7 52.Nb6 Kd8 0-1

[Event "zonal 1.5"]
[Site "Panormo GRE"]
[Date "1998.10.28"]
[Round "5"]
[White "Grivas, Efstratios"]
[Black "Karatekin, Tamer"]
[Result "1-0"]
[WhiteElo "2520"]
[BlackElo "2325"]
[EventDate "1998.10.24"]
[PlyCount "56"]

1.Nf3 Nf6 2.c4 c5 3.g3 g6 4.b3 Bg7 5.Bb2 b6 6.Bg2 Bb7 7.O-O O-O 8.d3 d6 9.
Nbd2 Nc6 10.a3 e6 11.Qb1 a5 12.Bc3 Qe7 13.Qb2 d5 14.e3 Rfd8 15.Rfd1 Rd7 
16.cxd5 exd5 17.Ne5 Nxe5 18.Bxe5 Re8 19.d4 Ng4 20.Bxg7 Nxf2 21.Bh6 Nxd1 
22.Rxd1 g5 23.dxc5 Qxe3+ 24.Kh1 d4 25.c6 Qe2 26.Rf1 Ba8 27.Qb1 Qxd2 28.Qf5
f6 1-0

[Event "zonal 1.5"]
[Site "Panormo GRE"]
[Date "1998.10.28"]
[Round "5"]
[White "Simeonidis, Ioannis"]
[Black "Gelashvili, Tamaz"]
[Result "0-1"]
[WhiteElo "2310"]
[BlackElo "2510"]
[EventDate "1998.10.24"]
[PlyCount "96"]

1.d4 d6 2.Nf3 g6 3.g3 Bg7 4.Bg2 f5 5.O-O Nf6 6.c4 O-O 7.Nc3 Qe8 8.d5 Na6 
9.Rb1 c5 10.dxc6 bxc6 11.b4 Rb8 12.b5 cxb5 13.cxb5 Nc5 14.Nd4 Nfe4 15.Nxe4
Nxe4 16.Nc6 Rb7 17.a4 Nc3 18.Qb3+ Qf7 19.Be3 Nxb1 20.Qxf7+ Kxf7 21.Rxb1 e6
22.Nxa7 d5 23.a5 Rb8 24.Bc5 Re8 25.b6 Ba6 26.Nb5 Red8 27.Nc7 Bc4 28.a6 Be5
29.Nb5 Rdc8 30.a7 Rb7 31.Nd6+ Bxd6 32.Bxd6 Ra8 33.Bf1 Ke8 34.e3 Bxf1 35.
Kxf1 Raxa7 36.f4 Ra2 37.Kg1 Kd7 38.Bc5 h6 39.Bd4 g5 40.h3 gxf4 41.gxf4 Rd2
42.Rb3 Ra2 43.Be5 Kc6 44.Bd4 Ra4 45.Rc3+ Rc4 46.Rd3 Rb8 47.Kg2 Rg8+ 48.Kf3
Rc2 0-1

[Event "zonal 1.5"]
[Site "Panormo GRE"]
[Date "1998.10.28"]
[Round "5"]
[White "Stefanopoulos, Orestis"]
[Black "Kovacevic, Aleksandar"]
[Result "0-1"]
[WhiteElo "2320"]
[BlackElo "2495"]
[EventDate "1998.10.24"]
[PlyCount "134"]

1.e4 c5 2.Nf3 d6 3.c3 Nf6 4.Be2 Nbd7 5.d3 b6 6.O-O Bb7 7.Nbd2 g6 8.d4 Qc7 
9.e5 dxe5 10.dxe5 Nd5 11.e6 fxe6 12.Ng5 Qc6 13.Bf3 h6 14.Nh3 Ne5 15.Be4 
Qc7 16.f4 Ne3 17.Qe2 Nxf1 18.fxe5 Nxd2 19.Bxg6+ Kd7 20.Bxd2 Bg7 21.Rd1 Kc8
22.Re1 Rd8 23.Nf4 Bxe5 24.Nxe6 Rxd2 25.Qxd2 Qd6 26.Qxd6 exd6 27.Bf5 Kb8 
28.Re3 Bd5 29.Rh3 Kb7 30.Rxh6 Rg8 31.Rh7+ Kb8 32.g4 Bxa2 33.h4 d5 34.Rd7 
Re8 35.g5 d4 36.Nd8 Bc7 37.Nc6+ Kb7 38.Ne7 dxc3 39.bxc3 a5 40.h5 a4 41.h6 
a3 42.h7 Bb3 43.Bb1 Be6 44.Rxc7+ Kxc7 45.g6 Rh8 46.Kf2 a2 47.Bxa2 Bxa2 48.
Kg3 Kd7 49.Nf5 Bg8 50.hxg8=Q Rxg8 51.g7 b5 52.Kf4 b4 53.cxb4 cxb4 54.Ke4 
b3 55.Kd3 Rc8 56.g8=Q Rxg8 57.Kc3 Rb8 58.Kb2 Kc6 59.Nd4+ Kc5 60.Nf3 Kb4 
61.Nd4 Rg8 62.Nc6+ Ka4 63.Nd4 Rg2+ 64.Kb1 Kb4 65.Ka1 Rd2 66.Nf3 Rf2 67.Ng5
Ka3 0-1

[Event "zonal 1.5"]
[Site "Panormo GRE"]
[Date "1998.10.28"]
[Round "5"]
[White "Edzgveradze, Natalia"]
[Black "Zaichik, Gennadi"]
[Result "1-0"]
[WhiteElo "2310"]
[BlackElo "2505"]
[EventDate "1998.10.24"]
[PlyCount "65"]

1.d4 Nf6 2.c4 c5 3.d5 b5 4.cxb5 a6 5.b6 g6 6.Nc3 Bg7 7.e4 d6 8.Nf3 O-O 9.
Be2 Nbd7 10.O-O Nxb6 11.a4 a5 12.Bf4 Bg4 13.Rc1 Bxf3 14.Bxf3 Nfd7 15.b3 c4
16.bxc4 Nxc4 17.Be2 Rc8 18.Qb3 Nce5 19.Be3 Nc5 20.Qd1 Ned7 21.f3 Nb6 22.
Bb5 e6 23.dxe6 fxe6 24.Ne2 Rc7 25.Nd4 Qc8 26.Rf2 Rff7 27.Rfc2 Bf8 28.Qe1 
e5 29.Ne2 d5 30.Qxa5 d4 31.Qxb6 dxe3 32.Bc4 Ne6 33.Qxe6 1-0

[Event "zonal 1.5"]
[Site "Panormo GRE"]
[Date "1998.10.28"]
[Round "5"]
[White "Shengelia, Davit"]
[Black "Ivanisevic, Ivan"]
[Result "1-0"]
[WhiteElo "2310"]
[BlackElo "2475"]
[EventDate "1998.10.24"]
[PlyCount "81"]

1.e4 c5 2.Nf3 d6 3.d4 cxd4 4.Nxd4 Nf6 5.Nc3 Nc6 6.f3 e5 7.Nb3 Be7 8.Be3 
O-O 9.Qd2 a5 10.Bb5 Be6 11.Nd5 Bxd5 12.exd5 Na7 13.Be2 a4 14.Nc1 b5 15.a3 
Qb8 16.Na2 Bd8 17.Nb4 Bb6 18.O-O-O Rc8 19.Bxb6 Qxb6 20.g4 Rc5 21.h4 Nc8 
22.h5 Ne7 23.h6 Ng6 24.g5 Ne8 25.hxg7 Nxg7 26.Bd3 Rc4 27.Bxc4 bxc4 28.Rde1
Nf5 29.c3 Qd8 30.Nc6 Qf8 31.Qh2 h6 32.gxh6 Kh7 33.Qc2 Nfe7 34.Nxe7 Qxe7 
35.f4 Kh8 36.Qf5 Rb8 37.Rhg1 Re8 38.fxe5 Nxe5 39.Kb1 Qh4 40.Re4 Qxh6 41.
Rge1 1-0

[Event "zonal 1.5"]
[Site "Panormo GRE"]
[Date "1998.10.28"]
[Round "5"]
[White "Sargissian, Gabriel"]
[Black "Vouldis, Angelos"]
[Result "0-1"]
[WhiteElo "2290"]
[BlackElo "2475"]
[EventDate "1998.10.24"]
[PlyCount "116"]

1.e4 c5 2.d3 g6 3.g3 Bg7 4.Bg2 Nc6 5.f4 d6 6.Nf3 Bg4 7.c3 Nf6 8.h3 Bxf3 9.
Qxf3 O-O 10.O-O Nd7 11.Na3 Rc8 12.Bd2 a6 13.h4 b5 14.Bh3 e6 15.h5 Nb6 16.
hxg6 hxg6 17.f5 Ne5 18.Qf2 Nxd3 19.Qe2 Ne5 20.fxe6 Rc7 21.exf7+ Nxf7 22.
Be6 Qe8 23.Qg4 Re7 24.Rf6 Rxe6 25.Rxe6 Qc8 26.Rf1 Ne5 27.Rxf8+ Qxf8 28.Qf4
Nc8 29.Kg2 Qf7 30.Qxf7+ Kxf7 31.Rxe5 Bxe5 32.Nc2 Nb6 33.Bc1 Ke6 34.Kf3 a5 
35.a3 a4 36.g4 Nc4 37.Ne3 Nxe3 38.Kxe3 Bh2 39.Kf3 Ke5 40.Bh6 Bg1 41.Bf8 c4
42.Ke2 Kxe4 43.Bxd6 g5 44.Bc7 Bc5 45.Bb8 Be3 46.Bc7 Bc1 47.Bd6 Bxb2 48.Kd2
Kf3 49.Kc2 Ba1 50.Bb4 Kxg4 51.Kb1 Bxc3 52.Bxc3 Kf3 53.Kc2 g4 54.Bd4 g3 55.
Kd2 g2 56.Bg1 Ke4 57.Kc3 Kf3 58.Kd2 b4 0-1

[Event "zonal 1.5"]
[Site "Panormo GRE"]
[Date "1998.10.28"]
[Round "5"]
[White "Kagas, Konstantinos"]
[Black "Nadanian, Ashot"]
[Result "0-1"]
[WhiteElo "2140"]
[BlackElo "2415"]
[EventDate "1998.10.24"]
[PlyCount "86"]

1.d4 d5 2.c3 e6 3.Bf4 Be7 4.Nf3 f5 5.e3 Nf6 6.Bd3 O-O 7.Nbd2 Nbd7 8.O-O 
Ne4 9.Ne5 Ndf6 10.Rc1 a5 11.a3 c6 12.c4 Qe8 13.Re1 Kh8 14.f3 Nxd2 15.Qxd2 
Nh5 16.Bg3 Nxg3 17.hxg3 Bf6 18.Kf2 Kg8 19.Rh1 h6 20.Rh2 b6 21.cxd5 Bxe5 
22.dxe5 exd5 23.Qc3 c5 24.Rch1 Be6 25.Rh5 Rd8 26.Qc2 Qd7 27.g4 d4 28.gxf5 
dxe3+ 29.Ke2 c4 30.Bxc4 Bxc4+ 31.Qxc4+ Rf7 32.Kxe3 Qd2+ 33.Ke4 b5 34.Qc3 
Qe2+ 35.Kf4 Qf2 36.Re1 Rd4+ 37.Re4 g5+ 38.Rxg5+ hxg5+ 39.Kxg5 Rxe4 40.Qc8+
Kh7 41.fxe4 Rg7+ 42.Kf6 Qb6+ 43.e6 Qd4+ 0-1

[Event "zonal 1.5"]
[Site "Panormo GRE"]
[Date "1998.10.28"]
[Round "5"]
[White "Seitaj, Ilir"]
[Black "Tsichlis, Georgios"]
[Result "1-0"]
[WhiteElo "2395"]
[BlackElo "2145"]
[EventDate "1998.10.24"]
[PlyCount "67"]

1.e4 e5 2.Nf3 Nc6 3.Bb5 Nd4 4.Ba4 Bc5 5.Nc3 Nf6 6.d3 Qe7 7.O-O c6 8.Nxd4 
Bxd4 9.Ne2 Bb6 10.Ng3 d6 11.h3 O-O 12.Bb3 Be6 13.Qf3 Qd7 14.Bg5 Ne8 15.
Rad1 d5 16.Be3 d4 17.Bc1 a5 18.Qh5 a4 19.Bxe6 Qxe6 20.a3 Bc7 21.f4 Nf6 22.
Qf3 b5 23.Nf5 Ne8 24.Qg3 c5 25.Nxg7 Nxg7 26.f5 Qf6 27.Bg5 Qd6 28.f6 Ne6 
29.Bh6+ Kh8 30.Bg7+ Kg8 31.Rf5 Rfb8 32.Rh5 Nf8 33.Rxh7 Ng6 34.Qh4 1-0

[Event "zonal 1.5"]
[Site "Panormo GRE"]
[Date "1998.10.28"]
[Round "5"]
[White "Khachian, Melikset"]
[Black "Borg, Andrew"]
[Result "1-0"]
[WhiteElo "2370"]
[BlackElo "2150"]
[EventDate "1998.10.24"]
[PlyCount "73"]

1.e4 c5 2.Nc3 Nc6 3.f4 g6 4.Nf3 Bg7 5.Bb5 Nd4 6.O-O Nxb5 7.Nxb5 a6 8.Nc3 
e6 9.d3 Ne7 10.Be3 Qc7 11.e5 Nd5 12.Nxd5 exd5 13.c4 d4 14.Bf2 O-O 15.Re1 
d6 16.h3 dxe5 17.fxe5 b6 18.Bg3 Bb7 19.Kh2 Qc6 20.Qd2 Rae8 21.Re2 Qc8 22.
Rae1 Qf5 23.Rf2 Qc8 24.Ng5 f6 25.exf6 Bxf6 26.Ref1 Bxg5 27.Qxg5 Rxf2 28.
Rxf2 Qe6 29.Rf6 Qe7 30.h4 Qd8 31.h5 Kg7 32.h6+ Kh8 33.Be5 Rxe5 34.Qxe5 Kg8
35.Qe6+ Kh8 36.Qf7 Qg8 37.Qxb7 1-0

[Event "zonal 1.5"]
[Site "Panormo GRE"]
[Date "1998.10.28"]
[Round "5"]
[White "Nikolaidis, Konstantinos"]
[Black "Psomiadis, Stavros"]
[Result "1-0"]
[WhiteElo "2335"]
[BlackElo "2155"]
[EventDate "1998.10.24"]
[PlyCount "65"]

1.e4 e6 2.d4 d5 3.Nd2 dxe4 4.Nxe4 Nd7 5.Nf3 Ngf6 6.Nxf6+ Nxf6 7.Bd3 Be7 8.
O-O c5 9.dxc5 Qa5 10.Qe2 Qxc5 11.Ne5 O-O 12.Kh1 Nd7 13.f4 Qc7 14.Rf3 f5 
15.Bd2 Nxe5 16.fxe5 Bd7 17.Bc4 Rad8 18.Raf1 g6 19.Rc3 Qb8 20.Bh6 Rf7 21.
Rg3 Kh8 22.Rd1 b5 23.Rb3 a6 24.Rxd7 Rxd7 25.Bxe6 Bd8 26.Bxf7 Rxf7 27.Rd3 
Bb6 28.e6 Re7 29.Bg5 Re8 30.Bf6+ Kg8 31.Rd7 Qf4 32.Rg7+ Kh8 33.Re7+ 1-0